Guidance From The Guru (Record no. 1399652)

MARC details
000 -LEADER
fixed length control field 00689nam a2200289Ia 4500
008 - FIXED-LENGTH DATA ELEMENTS--GENERAL INFORMATION
fixed length control field 160716s9999||||xx |||||||||||||| ||und||
040 ## - CATALOGING SOURCE
Transcribing agency English
082 ## - DEWEY DECIMAL CLASSIFICATION NUMBER
Classification number XIC/Tapovanam
082 ## - DEWEY DECIMAL CLASSIFICATION NUMBER
Item number BORI-96578
100 ## - MAIN ENTRY--PERSONAL NAME
Personal name Tapovanam
245 ## - TITLE STATEMENT
Title Guidance From The Guru
260 ## - PUBLICATION, DISTRIBUTION, ETC. (IMPRINT)
Place of publication, distribution, etc Bombay
260 ## - PUBLICATION, DISTRIBUTION, ETC. (IMPRINT)
Name of publisher, distributor, etc Central Chinmaya Mission Trust
300 ## - PHYSICAL DESCRIPTION
Extent 41
300 ## - PHYSICAL DESCRIPTION
Dimensions A
300 ## - PHYSICAL DESCRIPTION
Accompanying material Paperback
530 ## - ADDITIONAL PHYSICAL FORM AVAILABLE NOTE
Availability source Kalpantai Paranjape
530 ## - ADDITIONAL PHYSICAL FORM AVAILABLE NOTE
Uniform Resource Identifier <a href="00096578.pdf">00096578.pdf</a>
563 ## - BINDING INFORMATION
Binding note Study
600 ## - SUBJECT ADDED ENTRY--PERSONAL NAME
Personal name Tapovanam
630 ## - SUBJECT ADDED ENTRY--UNIFORM TITLE
Uniform title Guidance From The Guru
650 ## - SUBJECT ADDED ENTRY--TOPICAL TERM
Topical term or geographic name as entry element General Indology
650 ## - SUBJECT ADDED ENTRY--TOPICAL TERM
Topical term or geographic name as entry element Philosophy
700 ## - ADDED ENTRY--PERSONAL NAME
Personal name Tapovanam
730 ## - ADDED ENTRY--UNIFORM TITLE
Uniform title Guidance From The Guru
942 ## - ADDED ENTRY ELEMENTS (KOHA)
Koha item type Book

No items available.